Guidebook on standards.
| Corporate Author: | |
|---|---|
| Format: | Book |
| Published: |
Petaling Jaya:
Malaysia Productivity Corporation (MPC),
2008.
|
| Subjects: |
| LEADER | 00513cam a2200157 7i4500 | ||
|---|---|---|---|
| 001 | 0000023083 | ||
| 005 | 20090708090000.0 | ||
| 090 | 0 | 0 | |a M 658.562 |b MAL |
| 110 | 2 | 0 | |a Malaysia Productivity Corporation (MPC) |
| 245 | 2 | 0 | |a Guidebook on standards. |
| 260 | 0 | 0 | |a Petaling Jaya: |b Malaysia Productivity Corporation (MPC), |c 2008. |
| 300 | # | # | |a 85 p. |
| 650 | 0 | 0 | |a Standards -- |z Malaysia |
| 651 | 0 | 0 | |a Malaysia |
| 999 | |a 0000023563 |b Book |c Book |e Business Information Centre | ||
| 999 | |a 0000023562 |b Book |c Book |e Business Information Centre | ||